|
|
|
|
| LEADER |
00000ny a22000003n 4500 |
| 005 |
20110623141647.0 |
| 008 |
100928s2010 sp 000 0 spa d |
| 020 |
|
|
|a 9788498497953
|
| 035 |
|
|
|a 5021
|
| 040 |
|
|
|a BUS
|d vLex
|
| 080 |
|
|
|a 342.72/73(460)
|
| 080 |
|
|
|a 365.2(460)
|
| 090 |
|
|
|c 1075
|d 1075
|
| 100 |
1 |
|
|a Borgia Sorrosal, Sofa̕
|
| 245 |
1 |
3 |
|a El derecho constitucional a una vivienda digna
|h [Recurso electrn̤ico]
|b Rǧimen tributario y propuestas de mejora /
|c Sofa̕ Borgia Sorrosal
|
| 256 |
|
|
|a Servicio en ln̕ea
|
| 260 |
|
|
|a Madrid :
|b Dikynson,
|c 2010
|
| 300 |
|
|
|a p. ;
|c cm
|
| 506 |
1 |
|
|a Contenido solo disponible en los productos indicados
|d vLex Global
|d vLex Global (Academic Edition, excluding Law Schools)
|d vLex Global (U.S. Academic Edition, Law Schools)
|d vLex Global (U.S. Academic Edition, excluding Law Schools)
|d vLex Global (Academic Edition, Law Schools)
|
| 650 |
0 |
7 |
|a Derecho a la vivienda
|2 Tesauro vLex
|
| 650 |
0 |
7 |
|a Derechos fundamentales
|2 Tesauro vLex
|
| 650 |
0 |
7 |
|a Derechos constitucionales
|2 Tesauro vLex
|
| 650 |
0 |
7 |
|a Proteccin̤ de los derechos fundamentales de la persona
|2 Tesauro vLex
|
| 740 |
0 |
|
|a vLex Libros (Servicios en ln̕ea)
|
| 856 |
4 |
0 |
|u http://vlex.com/source/5021
|z Acceso restringido
|
| 942 |
|
|
|c BOOK
|